Договорные цены на капитальное строительство

Bibliografiske detaljer
Hovedforfatter: Мазурин Л. И. Леонид Иванович
Summary:Исключено из фонда НТБ ТПУ
Sprog:russisk
Udgivet: Москва, Финансы и статистика, 1991
Format: MixedMaterials Bog
KOHA link:https://koha.lib.tpu.ru/cgi-bin/koha/opac-detail.pl?biblionumber=199905

MARC

LEADER 00000nam1a2200000 4500
001 199905
005 20231031184454.0
010 |a 5279004847 
020 |a RU  |b 91-12670 
035 |a (RuTPU)RU\TPU\book\217963 
090 |a 199905 
100 |a 20110829d1991 m y0rusy5003 ca 
101 0 |a rus 
200 1 |a Договорные цены на капитальное строительство  |f Л. И. Мазурин 
210 |a Москва  |c Финансы и статистика  |d 1991 
215 |a 157с. 
333 |a Исключено из фонда НТБ ТПУ 
700 1 |a Мазурин  |b Л. И.  |g Леонид Иванович  |4 070 
801 0 |a RU  |b RuMRKP  |c 19950417  |g psbo 
801 1 |a RU  |b 63413507  |c 20110829 
801 2 |a RU  |b 63413507  |c 20170120  |g RCR 
942 |c BK